Guy Mannering /
Guardado en:
| Autor Principal: | |
|---|---|
| Formato: | Libro |
| Idioma: | Spanish |
| Publicado: |
Buenos Aires :
Biblioteca de "La Nación",
1909.
|
| Series: | Biblioteca de "La Nación", v. 355, 356
|
| Materias: | |
| Etiquetas: |
Agregar Etiqueta
Sin Etiquetas, Sea el primero en etiquetar este registro!
|
| LEADER | 00584nam a22001935a 4500 | ||
|---|---|---|---|
| 001 | EUN.um042113 | ||
| 003 | AR-BaUNS | ||
| 005 | 20050623122912.0 | ||
| 008 | 041125s1909####ag############000#0#spa#d | ||
| 245 | 1 | 0 | |a Guy Mannering / |c Walter Scott. |
| 260 | |a Buenos Aires : |b Biblioteca de "La Nación", |c 1909. | ||
| 300 | |a 2 v. | ||
| 490 | 0 | |a Biblioteca de "La Nación", v. 355, 356 | |
| 100 | 1 | |a Scott, Walter. | |
| 082 | 0 | 4 | |a 800.8 |
| 082 | 0 | 4 | |a 823.7 |
| 653 | |a Biblioteca de la nacion | ||
| 653 | |a Novela inglesa:1801-1837 | ||
| 859 | |a Ar-BaUNS |b BIB. CENTRAL - Sector C |h 800.8 |i B471 |p 56810/970 |v v.355-1 | ||
